Statistics for Title in The Lyrics - Hip Hop

Click here to take the quiz!

General Stats

  • This quiz has been taken 223 times
    (63 since last reset)
  • The average score is 6 of 17

Answer Stats

HintArtistAnswer% Correct
I love it when you call me ___ _____/Throw your hands in the air if you's a true playerNotorious B.I.G.Big Poppa
87%
N-n-now that that don't kill me/ Can only make me ________Kanye WestStronger
87%
Been spendin' most their lives/ Livin' in a _______'_ ________CoolioGangsta's Paradise
76%
Rollin' down the street, smokin' indo, sippin' on ___ ___ _____/ Laid back/ (With my mind on my money and my money on my mind)Snoop DoggGin and Juice
61%
_____ __ ___, here I come, you can't hide/ Gonna find you and take it slowlyFugeesReady or Not
56%
____ _ ________ I'm spillin' these raps long as you feel 'em/ 'Til the day that I drop you'll never say that I'm not killin' 'emEminem (Feat. Nate Dogg)Till I Collapse
52%
Now they droppin' and yellin', it's a tad bit late/ Nate Dogg and Warren G had to ________Warren G (Feat. Nate Dogg)Regulate
39%
H to the ____, V to the Izz-A/ What else can I say about dude?/ I gets busyJay-ZIzzo
37%
Is it worth it? Let me ____ __/ I put my thang down, flip it and reverse itMissy ElliotWork It
26%
So now's a test to see if I got pull/ Hit the studio, 'cause I'm ____ __ ____Eric B & RakimPaid in Full
21%
I like what you do when you do what you do/ You make me wanna _____Salt-N-PepaShoop
19%
I had a little horse named ____ ______/ Just me and my horsy and a quart of beerBeastie BoysPaul Revere
16%
______ ________/ That is what you are/ Coming from afar/ Reaching for the starsPras (Feat. Mya and ODB)Ghetto Supastar
11%
Cut Creator on the fader, my right-hand man/ We ____ ___ _____ so very well 'cause that's the name of this jamLL Cool JRock The Bells
8%
I'm the ____ __ ____, there is none higher/ Sucker MC's should call me sireRun-DMCKing of Rock
6%
Filthy, the word that best defines me/ I'm just _______ man, y'all never mind meThe ClipseGrindin'
5%
Check the flavor of the rhythm I wrote/ And while I got a chance here ___ __ _____ __ ______DJ KoolLet Me Clear My Throat
5%

Score Distribution

Percentile by Number Answered

Percent of People with Each Score

Your Score History

You have not taken this quiz since the last reset